000
00275nam a22001217a 4500
008
230620b xxu||||| |||| 00| 0 eng d
082
_a
316.76
_b
KNB
100
_c
KNB
245
_a
Statistical Abstract 1987
260
_a
Kenya
_b
KNBS
_c
1987
300
_a
271p
942
_2
ddc
_c
BK
999
_c
1469
_d
1469